| 000 | 00770cam a2200241 4500 | ||
|---|---|---|---|
| 001 | ABS64754 | ||
| 008 | #DATE n2001 000 0 eng u | ||
| 035 | _a(Sirsi) u115051 | ||
| 110 |
_aDavis Langdon and Everest _91155 |
||
| 245 | _aCost model | ||
| 260 | _c2001 | ||
| 490 |
_aBuilding _v266(8204) 5 October 2001, 75-82(8) |
||
| 520 | _aExamines cost issues of design options for open and covered shopping centres. | ||
| 650 | _aBUILT ENVIRONMENT-BUILDING COSTS | ||
| 650 | _aCOST MODEL | ||
| 650 | _aDESIGN ISSUES | ||
| 650 | _aBUILT ENVIRONMENT-BUILDING MAINTENANCE AND REFURBISHMENT | ||
| 650 | _aSHOPPING CENTRES | ||
| 650 | _aSHOPPING MALLS | ||
| 690 | _aBUILT ENVIRONMENT-BUILDING COSTS | ||
| 710 |
_aGeoffrey Reid Associates _94156 |
||
| 942 | _n0 | ||
| 999 |
_c68528 _d68528 |
||